000
00224 a2200097 4500
001
24222
100
_a
Daniels, G
245
_a
Plumbing, heating and air conditioning
260
_a
_b
P.S.Pub Co
_c
1968
090
_c
16412
_d
16412
942
_a
NUST-CAE
_c
M
_c
7128
999
_c
259295
_d
259295